=LDR 00000nam 2200000 4500 =001 INLIS000000000017602 =005 20170107135113.0 =006 =007 =008 Ind =035 ##$$0010-061300000017602 =041 ##$$a Ind =082 ##$$a 364.153 =090 ##$$a 364.153 Wah p =100 ##$$a Wahid, Abdul =245 ##$$a Perlindungan terhadap korban kekerasan seksual, Abdul Wahid =260 ##$$a Bandung $b Rafika Aditama $c 2001 =300 ##$$a xvii, 163 hlm, 21 cm =650 ##$$a Perkosaan =850 ##$$a NBPNMAT =990 ##$$a 21195146/BPAP-NTB/2014 =990 ##$$a 21195147/BPAP-NTB/2014 =990 ##$$a 21400613/BPAP-NTB/20142014 =990 ##$$a 2090100730/BPAP-NTB/2015